Loading...
| Other | 0 | 4 | 0 | 0 | 40 | 55 | 82.50 | 0 | 1 | 0.00 | 0.00 |
| Fine Arts - Other | 0 | 3 | 1 | 0 | 25 | 75 | 88.00 | 0 | 1 | 0.00 | 0.00 |
| Literature - World | 0 | 2 | 0 | 0 | 20 | 84 | 97.50 | 0 | 1 | 0.00 | 0.00 |
| Fine Arts - Classical Music | 0 | 1 | 0 | 0 | 10 | 86 | 86.00 | 0 | 0 | 0.00 | 0.00 |
| Literature - British | 0 | 1 | 0 | 0 | 10 | 88 | 88.00 | 1 | 1 | 0.00 | 0.00 |
| Science - Physics | 0 | 1 | 0 | 0 | 10 | 99 | 99.00 | 0 | 1 | 0.00 | 0.00 |
| Religion | 0 | 1 | 0 | 0 | 10 | 110 | 110.00 | 0 | 0 | 0.00 | 0.00 |
| Mythology | 0 | 1 | 1 | 0 | 5 | 133 | 133.00 | 0 | 0 | 0.00 | 0.00 |
| Literature - American | 0 | 1 | 1 | 0 | 5 | 112 | 112.00 | 0 | 1 | 0.00 | 0.00 |
| Science - Other | 0 | 1 | 1 | 0 | 5 | 70 | 70.00 | 0 | 0 | 0.00 | 0.00 |
| Social Science | 0 | 0 | 1 | 0 | -5 | 0.00 | 0 | 0 | 0.00 | 0.00 |